000 01343cam a2200349 i 4500
001 190564
003 ES-MaACL
005 20251217063025.0
008 210929s2018 sp |||| ||||| 001 f spa d
017 _aTF 821-2018
_bOficina Depósito Legal Tenerife
020 _a978-84-17360-73-3
040 _aES-MaACL
_bspa
_cES-MaACL
_erda
080 _a821.134.2-31"19"
100 1 _aMartín, Mayte,
_d1964-
_eaut
_9173706
245 1 3 _aLa espiral del silencio /
_cMayte Martín
250 _aPrimera edición: 2018
264 1 _aSanta Cruz de Tenerife ;
_aLas Palmas de Gran Canaria :
_bIdea ;
_aSanta Cruz de Tenerife :
_bAguere,
_c2018
264 4 _a©2018
300 _a197 p. ;
_c19 cm.
336 _2rdacontent
_aTexto
337 _2rdamedia
_asin mediación
338 _2rdacarrier
_avolumen
500 _aEjemplar firmado y dedicado por la autora
500 _aÍndice
655 0 _9234319
_aNovelas
852 4 _aES-MaACL
_jA-14787
_9197742
_bR.152422
_cDEPO1
_dOlim: N-7787
_gDedicatoria autógrafa de la autora
_hDonación: Mayte Martin
852 4 _aES-MaACL
_jA-15890
_cDEPO1
_gDedicatoria autógrafa de la autora
_9206889
_hDonación: Mayte Martin
_xEncuadernación rústica con solapas
903 _aMartín, Mayte,
_d1964-
_ednr
_9173706
942 _cMONOGRAFIA
_n0
999 _c190564
_d190564